000 00703nam a2200193 4500
999 _c14548
_d14548
003 MIRAKIL
005 20211014173327.0
008 211014b tu ||||| |||| 00| 0 tur d
040 _aTR-AnCHP
_cTR-AnCHP
041 _aTur
082 _aATA 923.156
_bK26a 1991
100 _aKaral, Enver Ziya
245 1 0 _aAtatürk'ten düşünceler/
_cDerleyip yayına hazırlayan : Enver Ziya Karal.
260 _aİstanbul:
_bÇağdaş yayınları,
_c1991.
300 _a246 s.:
_c20 sm.
600 1 4 _91465
_aAtatürk, Gazi Mustafa Kemal
_cTürkiye Cumhuriyeti Kurucusu
_d1881-1938
_xyaşamöyküsü
856 _zDijital Nüshası için Partimizin Kütüphane Sorumlusu ile iletişime geçiniz.
942 _2ddc
_cBKS